Disney Villainous Curated Customs - Statistiques

Statistiques générales
  • Ce quiz a été pris 8 fois
  • Le résultat moyen est 27 sur 74
Statistiques - réponses
Expansion Category Réponse % Correct
Brewing Up Trouble Disney Clayton
100%
On Razor's Edge Disney Shere Khan
100%
Fire With Fire Video Game Bowser
80%
Advanced Calculation Disney Edgar
80%
Ham, Eggs, Spam Casual Gaston
80%
Hostile Takeover Disney Governor Ratcliffe
80%
Dark & Edgy Disney Horned King
80%
Advanced Calculations Disney AUTO
60%
Root Of Corruption Disney Bellwether
60%
Root Of Corruption Disney Chernabog
60%
Dark & Edgy Disney Madame Medusa
60%
Advanced Calculations Video Game Mother Brain
60%
Hostile Takeover Others Mr. Burns
60%
Hostile Takeover Disney Shan Yu
60%
Dark & Edgy Disney Bill Cipher
40%
Dirty Money Disney Chef Skinner
40%
On Razor's Edge Disney Chick Hicks
40%
Fire With Fire Video Game Clive
40%
Sweet Victory Casual Cookie Monster
40%
Secret Recipe Others Crafty Coyote
40%
Completely Expected Disney Dr. Doofenshmirtz
40%
From The Shadows Video Game Ganon
40%
Monsters And Men Video Game Ganondorf
40%
Ham, Eggs, Spam DELUXE Casual Ghostwood
40%
Monsters And Men Disney Judge Frollo
40%
Sweet Victory Casual King Dragon
40%
Sweet Victory Casual Lord Licorice
40%
Then There Were Two Others Lord Voldemort
40%
Monsters And Men Disney Maestro Forte
40%
Parental Advisory Disney Magica De Spell
40%
On Razor's Edge Video Game Mom
40%
Code of Conduct Video Game Monokuma
40%
Ham, Eggs, Spam DELUXE Casual Mr. Monopoly
40%
Position Of Power Disney Prince Hans
40%
Fire With Fire Disney Queen Narissa
40%
Dirty Money Others The Once-ler
40%
Root Of Corruption Video Game The Radiance
40%
Ham, Eggs, Spam Casual The Spanish Inquisition
40%
Completely Expected Video Game Calamity Ganon
20%
Completely Expected Video Game Clockwerk
20%
Chaos and Control Video Game Dr. Eggman
20%
Secret Recipe Video Game Ellen
20%
Brewing Up Trouble Disney Emperor Belos
20%
Brewing Up Trouble Others Flippy
20%
Then There Were Two Video Game Hostile Mobs
20%
Red-Handed Disney Judge Doom
20%
Position Of Power Others Kent Mansley
20%
Dreamland Nightmares Video Game King Dedede
20%
Then There Were Two Video Game King Dice
20%
Code of Conduct Others Léon Prunelle
20%
Element Of Surprise Casual Looker
20%
Position Of Power Others Lord Barkis
20%
Position Of Power Disney Lord Beckett
20%
Chaos and Control Disney Lord Hater
20%
Position Of Power Others Lord Shen
20%
Element Of Surprise Casual Mabel
20%
Brewing Up Trouble Video Game Manfred Von Karma
20%
Parental Advisory Disney Miss Finster
20%
Secret Recipe Video Game Molluck
20%
Code of Conduct Others Mr. Electric
20%
Ham, Eggs, Spam Casual Principal Skinner
20%
Brewing Up Trouble Others Scarecrow
20%
Chaos and Control Video Game Shao Kahn
20%
Red-Handed Others Sideshow Bob
20%
Element Of Surprise Casual Starbox
20%
From The Shadows Others Swiper
20%
From The Shadows Others The Beast
20%
Position Of Power Others The Other Mother
20%
Then There Were Two Video Game The Player
20%
Then There Were Two Video Game Tragedy
20%
Dreamland Nightmares Video Game Yin-Yarn
20%
Red-Handed Others Yoshikage Kira
20%
Dirty Money Others Yubaba
20%
Dreamland Nightmares Video Game Zero
20%
Aucun quiz correspondant
Distribution des résultats
% des personnes avec chaque résultat
Percentile par nombre de réponses
Votre historique - résultats
Vous n’avez pas pris ce quiz